00813cam a2200253 i 4500999001500000001000400015003000900019005001700028008004100045010001700086020001500103020001500118040003800133042001400171082001600185245007700201264004200278300004000320500003500360650002100395700001700416942001200433952011400445 c6589d6589338BD-DhUAP20210104124719.0171115s2017 nyu j 000 0 eng  a 2017478097 a8121915929 a8121915538 aDLCbengerdacBD-DhUAPdBD-DhUAP apccalcac00a823 TAL22300aTales from the Arabian nights /cabridged and simplified by S. E. Paces. 1aNew Delhi :bS. Chand & Co. Ltd.,c?. a106 pages :billustrations ;c19 cm aGreat stories in easy English. aEnglish fiction. aPaces, S. E. 2ddccBK 00102ddc4070aUAPCLbUAPCLcGeneral Stacksd2021-01-04o823 TALp3010000338r2021-01-04t1w2021-01-04yBK